000 00662nam a2200205Ia 4500
003 OSt
005 20251202120643.0
008 220923b |||||||| |||| 00| 0 eng d
037 _cGeneral Book
040 _aRTL
_cRTL
_beng
041 _2eng
_aeng
084 _aY:3(Q2:4x1,1), M0
_qRTL
100 _aBanerjee Nikunja Vihari
_9853825
245 0 _aStudies in the Dharmasastra of Manu
260 _a New Delhi
_bMunshi Ram Manohar Lal
_c1980
300 _avii, 117 p.
_bIncludes bibliographical references and index.
650 _aSociology of Religion
_9853826
942 _hY:3(Q2:4x1,1), M0
_cGB
_2CC
_n0
999 _c605127
_d605127